Escritos sobre la paz / (Record no. 59290)

MARC details
000 -LEADER
campo de control de longitud fija 00807nam a2200229 i 4500
001 - NÚMERO DE CONTROL
campo de control 59290
003 - IDENTIFICADOR DE NÚMERO DE CONTROL
campo de control ES-MaACL
005 - FECHA Y HORA DE LA ÚLTIMA TRANSACCIÓN
campo de control 20251209063022.0
007 - CAMPO FIJO DE DESCRIPCIÓN FÍSICA--INFORMACIÓN GENERAL
campo de control de longitud fija t|
008 - DATOS DE LONGITUD FIJA--INFORMACIÓN GENERAL
campo de control de longitud fija 031028s1967 sp ||||1| spa d
100 1# - ENTRADA PRINCIPAL--NOMBRE DE PERSONA
Nombre de persona Einstein, Albert,
Fechas asociadas al nombre 1879-1955
9 (RLIN) 46838
245 10 - MENCIÓN DEL TÍTULO
Título Escritos sobre la paz /
Mención de responsabilidad, etc. Albert Einstein ; edición original preparada por Otto Nathar y Heinz Norden ; prólogo de Bertrand Russell ; [traducción de Jordi Solé Tura].
260 ## - PUBLICACIÓN, DISTRIBUCIÓN, ETC.
Lugar de publicación, distribución, etc. [Barcelona] :
Nombre del editor, distribuidor, etc. Península,
Fecha de publicación, distribución, etc. [1967]
300 ## - DESCRIPCIÓN FÍSICA
Extensión 494 p. ;
Dimensiones 20 cm.
700 1# - ENTRADA AGREGADA--NOMBRE PERSONAL
Nombre de persona Nathar, Otto.
9 (RLIN) 84996
700 1# - ENTRADA AGREGADA--NOMBRE PERSONAL
Nombre de persona Norden, Heinz.
9 (RLIN) 85963
700 1# - ENTRADA AGREGADA--NOMBRE PERSONAL
Nombre de persona Russell, Bertrand,
Fechas asociadas al nombre 1872-1970
9 (RLIN) 101033
700 1# - ENTRADA AGREGADA--NOMBRE PERSONAL
Nombre de persona Solé Tura, Jordi,
Fechas asociadas al nombre 1930-2009
9 (RLIN) 107136
852 ## - LOCALIZACIÓN
Ubicación ES-MaACL
Número de control de estantería C-33529
Sublocalización o colección R.64322
942 ## - ELEMENTOS DE ENTRADA SECUNDARIOS (KOHA)
Fuente del sistema de clasificación o colocación Clasificación decimal universal
Holdings
Estatus retirado Estado de pérdida Estado de daño No para préstamo Biblioteca de origen Biblioteca actual Ubicación en estantería Fecha de adquisición Fuente de adquisición Total de préstamos Signatura topográfica completa Código de barras Visto por última vez Precio de reemplazo Tipo de ítem Koha
        Biblioteca del Ateneo de Madrid Biblioteca del Ateneo de Madrid Depósito 2 17/01/2008     C-33529 1062192 23/02/2023 23/02/2023 Libro impreso